002870000a22001090004500090001700000245003300017041001400050100003300064942001300097773005000110999001700160 aAsbSeriadas10aSuelos de la región andina0 aEspañol1 aLópez Hoyos, Alonso999941 cARTICULO1 tColombia sus Gentes y Regionesh9q2-18d1988 c15706d15706